| 000 | 01229nam a22002057a 4500 | ||
|---|---|---|---|
| 999 |
_c6482 _d6482 |
||
| 003 | AR-CdUCM | ||
| 008 | 190318b ||||| |||| 00| 0 spa d | ||
| 040 |
_aMUNICIPALIDAD PROVINCIAL DEL CUSCO _cBIBLIOTECA MUNICIPAL DEL CUSCO |
||
| 041 | _heng | ||
| 082 |
_a940.3 / _bS56 |
||
| 100 |
_aSimonds, Frank H. _918370 |
||
| 245 | _aHistoria de la guerra del mundo / | ||
| 260 |
_aLondres : _bW. M. Jackson, _c1920. |
||
| 300 |
_a4 tomos ; _bIlustraciones, _c25.5 cm. |
||
| 505 | _aContenido: t.2 -- La nueva fase -- La transformación -- Historia naval -- El poder marítimo y el lugar al sol de Alemania -- Los submarinos -- La batalla del dunajec -- t.3 -- El nuevo periodo -- Verdún, el ataque Alemán -- Verdún , la defensa francesa -- El sitio de Verdún -- t.4 -- La cuarta fase -- El pueblo de los Estado Unidos y la guerra -- El progreso de los acontecimientos -- La gran retirada -- La batalla de Arrás- Bagdad -- t.5 -- La fase final -- Picardía, la batalla del Káiser -- Flandes, la batalla del Lys -- La tormenta de la paz- segundo Marne -- América desde Cantigny a Saint-Mihiel ... | ||
| 650 |
_aHistoria de la guerra _918371 |
||
| 700 |
_aTorres Calderón, Carmen _918372 |
||
| 942 |
_2ddc _cLIBROS |
||
| 945 | _aacv | ||